Socio-economic surveys of three villages in Karnataka: A study of agrarian relations (Record no. 6069)

MARC details
000 -LEADER
fixed length control field 00519nam a2200169Ia 4500
008 - FIXED-LENGTH DATA ELEMENTS--GENERAL INFORMATION
fixed length control field 230917s9999||||xx |||||||||||||| ||und||
020 ## - ISBN
Price RS 450.00
040 ## - CATALOGING SOURCE
-- 5013773
Original cataloging agency VIVEKANANDA LIBRARY
041 ## - Language
-- English
082 ## - DDC NUMBER
Classification number 338.1095487 S22S
100 ## - MAIN ENTRY--PERSONAL NAME
Personal name Swaminathan, Madhura, ed.
245 #0 - TITLE STATEMENT
Title Socio-economic surveys of three villages in Karnataka: A study of agrarian relations
260 ## - PUBLICATION, DISTRIBUTION, ETC. (IMPRINT)
Place of publication, distribution, etc India
Name of publisher, distributor, etc Tulika Books
Date of publication, distribution, etc 2017
300 ## - PHYSICAL DESCRIPTION
Pages vi, 318 p.
500 ## - GENERAL NOTE
General note 4599 27/10/2022 APD22/1143874 03/11/2022 Main Budget
942 ## - ADDED ENTRY ELEMENTS (KOHA)
Koha item type Books
Holdings
Withdrawn status Lost status Damaged status Not for loan Location (home branch) Sublocation or collection (holding branch) Date acquired Koha issues (times borrowed) Koha full call number Accession No. Koha date last seen Koha item type
        VIVEKANANDA LIBRARY VIVEKANANDA LIBRARY 17/11/2022   338.1095487 S22S 401451 17/09/2023 Books
© Designed and Maintained by Vivekananda Library, MDU Rohtak